000 00700nam a2200205Ia 4500
008 100315s9999 xx 000 0 und d
040 _cENGLISH 
082 _b3393 
_a658.404 
100 _a"Desai, Vasant "
245 _aSmal Scale Enterprises : Projects : Profile & Process
260 _aMumbai 
_bHimalaya Publishing House  
_c1999 
300 _a621p. 
365 _eRupees 
_d
_b1000.00 
366 _f
505 _gTushar Jadhav 
620 _a"The Decision of Self-Employed, Land & Building, Power Connection "
630 _aSmal Scale Enterprises : Projects : Profile & Process
730 _aSmal Scale Enterprises : Projects : Profile & Process
942 _cBOOK
999 _c478128
_d478125